Normal view
MARC view
- Prasad, Nadipuram R
Entry Personal Name
001 - CONTROL NUMBER
- control field: 99469
003 - CONTROL NUMBER IDENTIFIER
- control field: NUST
005 - DATE AND TIME OF LATEST TRANSACTION
- control field: 20221007114734.0
008 - FIXED-LENGTH DATA ELEMENTS
- fixed length control field: 221007|| aca||aabn | a|a d
040 ## - CATALOGING SOURCE
- Original cataloging agency: NUST
- Transcribing agency: NUST
100 ## - HEADING--PERSONAL NAME
- Personal name: Prasad, Nadipuram R
670 ## - SOURCE DATA FOUND
- Source citation: Work cat.: (NUST)178741: Sugeno, Michio, 99467, Fuzzy modeling and control :, c1999.
